000 00842nam a2200253Ia 4500
003 OSt
005 20220926011852.0
006 a|||||r|||| 00| 0
007 ta
008 220923b |||||||| |||| 00| 0 eng d
037 _cGeneral Book
040 _aRTL
_cRTL
_beng
041 _2eng
_aeng
082 _aD6,9(X:84), L4
100 _aGoodman Hortense
245 0 _aIllustrations of reporting the results of operatio
260 _aNew York
_bAmerican institute of certified public accounts.
_c1974
300 _a101p. Appendix p 81-97.
_ccm.
490 _aAmerican Institute of Certified Public Accountants, Financial report survey, 3.
650 _aComputer Science
700 _a Lorenson Leonard
_9314467
942 _hD6,9(X:84), L4
_cGB
_2CC
999 _c621221
_d621221